[Event "Koge Spring A"]
[Site "Koge"]
[Date "1995.06.01"]
[Round "7"]
[White "Schmidt, Christian2222"]
[Black "Thylin, Johnny"]
[Result "0-1"]
[WhiteElo "1642"]
[BlackElo "2096"]
[PlyCount "34"]
[EventDate "1995.04.20"]
[EventType "tourn"]
[EventRounds "7"]
[EventCountry "DEN"]
[SourceTitle "EXT 2023"]
[Source "ChessBase"]
[SourceDate "2022.10.05"]
[SourceVersion "1"]
[SourceVersionDate "2022.10.05"]
[SourceQuality "1"]

1. e4 e6 2. d4 d5 3. exd5 exd5 4. c4 Nf6 5. c5 b6 6. b4 a5 7. Bd2 Qe7+ 8. Qe2 axb4 9. Qxe7+ Bxe7 10. Bxb4 bxc5 11. dxc5 0-0 12. g3 Re8 13. Ne2 Nc6 14. Ba3 Bf5 15. Bb2 Rab8 16. Nd4 Nxd4 17. Bxd4 Bxc5+ 0-1

[Event "Koge Spring A"]
[Site "Koge"]
[Date "1995.04.20"]
[Round "1"]
[White "Hojlund, Ib"]
[Black "Thylin, Johnny"]
[Result "1-0"]
[WhiteElo "1651"]
[BlackElo "2096"]
[PlyCount "116"]
[EventDate "1995.04.20"]
[EventType "tourn"]
[EventRounds "7"]
[EventCountry "DEN"]
[SourceTitle "EXT 2023"]
[Source "ChessBase"]
[SourceDate "2022.10.05"]
[SourceVersion "1"]
[SourceVersionDate "2022.10.05"]
[SourceQuality "1"]

1. e4 c6 2. d4 d5 3. e5 Bf5 4. Bd3 Bxd3 5. Qxd3 e6 6. Nf3 Qd7 7. c3 f5 8. exf6 gxf6 9. Bf4 Bd6 10. Bxd6 Qxd6 11. Nbd2 Na6 12. b4 Nc7 13. a4 Ne7 14. Nb3 Ng6 15. g3 0-0 16. 0-0 e5 17. dxe5 fxe5 18. Nfd2 Rf6 19. Rad1 Qe6 20. Qe2 Raf8 21. Nc5 Qh3 22. f3 b6 23. Nd3 Qf5 24. Rde1 Re8 25. Nf2 h5 26. Nd3 Ne6 27. Kh1 h4 28. g4 Qg5 29. Qe3 Nef4 30. Nxf4 Nxf4 31. Nb3 h3 32. Nd2 Qg6 33. Rc1 Ng2 34. Qe2 Qg5 35. c4 Ne3 36. Rfe1 Ng2 37. Red1 Ref8 38. Rf1 Rf4 39. cxd5 cxd5 40. Qb5 Ne3 41. Rfe1 d4 42. Rc6 R4f7 43. Qd3 Qf4 44. Qg6+ Rg7 45. Qd3 Nd5 46. Qb3 Qxd2 47. Qxd5+ Rgf7 48. Rg1 Qe3 49. Rg3 Qe1+ 50. Rg1 Qe2 51. Rf6 Kg7 52. Rf5 Rxf5 53. gxf5+ Kh8 54. Qc6 Qe3 55. Rg3 Qe1+ 56. Rg1 Qd2 57. Qg6 Qg2+ 58. Rxg2 hxg2+ 1-0